000 00566nam a2200181Ia 4500
008 131103s9999 xx 000 0 und d
040 _aLoreto College
041 _aEnglish
082 _a821.7/COL-CA/821.72/CHA
_bLCLIB/28450
100 _aChambers, [Edmund Kerchever], 1866-1954
245 _aSamuel Taylor Coleridge
_b a bibliographical study
_cE. K. Chambers
260 _aOxford
_bClarendon Press
_c1938
300 _axv,373 p.
_c 21 cm.
504 _aIncludes index
650 _aEnglish Poetry
651 _aColeridge, Samuel Taylor - Poems
942 _cBK
999 _c6544
_d57023